000
00341 a2200157 4500
001
152944
040
_c
Escola São Tomás de Aquino
100
_a
LIMA, Edy
240
1
0
_a
A vaca voadora
_l
por
245
1
0
_a
A vaca voadora
300
_a
107
362
0
_a
2007
440
1
_a
Global
697
_a
*LITERATURA INFANTO JUVENIL
942
_c
BK
999
_c
152944
_d
152944